| 000 | 00802nam a2200229Ia 4500 | ||
|---|---|---|---|
| 003 | BUBTL | ||
| 008 | 151213s9999 xx 000 0 und d | ||
| 020 | _a0 -13 -121726 -7 | ||
| 082 |
_a658.049 _bDAB |
||
| 100 | _aJohn D. Daniels , Lee H. Radebaugh & Dhaniel P. Sullivan | ||
| 245 |
_aInternational Business / Environmets and Operations _cJohn D. Daniels , Lee H. Radebaugh & Dhaniel P. Sullivan |
||
| 250 | _a10 th | ||
| 260 |
_aNew Jersey _bPearson Prentic Hall _c2004 |
||
| 300 |
_a[xxxiii] , 701p . : _bill , Table ,Graph ,Maps ; 24cm . _cBusiness . |
||
| 500 | _aIncludes Index . | ||
| 650 | _aBusiness | ||
| 650 | _aBusiness | ||
| 700 | _aJohn D. Daniels , Lee H. Radebaugh & Dhaniel P. Sullivan | ||
| 856 |
_k0 _l0 _yDownload |
||
| 942 |
_2ddc _cBK |
||
| 999 |
_c2540 _d2540 |
||